000 00577nam a2200205Ia 4500
008 241004s9999 xx 000 0 und d
020 _a9780745399812
037 _aTextbook
040 _aARTS
_beng
_cARTS
041 _aeng
_2eng
084 _aW.41 Q8
_qARTS
100 _aGao Mobo Au.
_9724622
245 _aConstructing China: clashing views of the people's republic
_cGao Mobo Au.
260 _aUK
_b Pluto Press
_c2020
300 _a272p.
365 _aUKP
_b25.99
650 _aPolitical Science
942 _cTB
_hW.41 Q8
999 _c1218764
_d1218764